[Event "O pohar mesta Klatov B - TANY open"]
[Site "Klatovy, Czech Republic"]
[Date "2025.07.04"]
[Round "7.47"]
[White "Korchak, Yevhenii"]
[Black "Vlnar, Tomas"]
[Result "1-0"]
[WhiteElo "1536"]
[BlackElo "1411"]
[PlyCount "81"]
[EventDate "2025.??.??"]

1. e4 e5 2. Nf3 Nc6 3. Bc4 Bc5 4. Nc3 Nf6 5. h3 Nd4 6. Nxe5 d6 7. Nxf7 Qe7 8.
Nxh8 Nxe4 9. O-O Nxc3 10. dxc3 Ne6 11. Re1 Bd7 12. Qh5+ g6 13. Nxg6 Qf7 14.
Bxe6 Bxe6 15. Nf4 Qxh5 16. Nxh5 O-O-O 17. Rxe6 Rf8 18. Be3 Bxe3 19. Rxe3 Rf5
20. Ng3 Rb5 21. b3 Rg5 22. Re7 Kd8 23. Rxh7 Rg8 24. Re1 Re8 25. Rxe8+ Kxe8 26.
Rxc7 b5 27. Rxa7 Kd8 28. Rb7 Kc8 29. Rxb5 Kc7 30. a4 Kc6 31. Rb4 d5 32. a5 Kd6
33. a6 Ke5 34. a7 Kd6 35. a8=R Ke5 36. Rd4 Ke6 37. b4 Kd6 38. Ra5 Kc6 39. Raxd5
Kb7 40. Ne4 Ka8 41. Rd7 1-0

[Event "O pohar mesta Klatov B - TANY open"]
[Site "Klatovy, Czech Republic"]
[Date "2025.07.04"]
[Round "7.48"]
[White "Jarosik, Karel"]
[Black "Pham, Minh Tiep"]
[Result "1/2-1/2"]
[WhiteElo "1410"]
[BlackElo "1527"]
[PlyCount "53"]
[EventDate "2025.??.??"]

1. e4 c5 2. Nf3 Nc6 3. d4 cxd4 4. Nxd4 g6 5. c4 Bg7 6. Be3 Qb6 7. Nb5 Qd8 8.
N1c3 Nf6 9. Be2 d6 10. O-O a6 11. Nd4 O-O 12. Nf3 Bg4 13. Ng5 Bxe2 14. Qxe2 Qd7
15. Rad1 Ng4 16. Bc1 Rac8 17. Nd5 Nf6 18. Nb6 Qg4 19. Qxg4 Nxg4 20. Nxc8 Rxc8
21. b3 Nd4 22. Rd2 f6 23. Nf3 Nxf3+ 24. gxf3 Ne5 25. f4 Nf3+ 26. Kg2 Nxd2 27.
Bxd2 1/2-1/2

[Event "O pohar mesta Klatov B - TANY open"]
[Site "Klatovy, Czech Republic"]
[Date "2025.07.04"]
[Round "7.49"]
[White "Hronikova, Stella"]
[Black "Kukla, Antonin"]
[Result "0-1"]
[WhiteElo "1408"]
[BlackElo "1451"]
[PlyCount "30"]
[EventDate "2025.??.??"]

1. e4 c5 2. c4 d6 3. Nc3 Nf6 4. Qa4+ Bd7 5. Qb3 Nc6 6. Qxb7 Nb4 7. e5 Bc6 8.
Qxc6+ Nxc6 9. exf6 gxf6 10. Be2 Nb4 11. Bd1 Nd3+ 12. Kf1 e6 13. Ba4+ Ke7 14.
Ke2 Nxc1+ 15. Rxc1 Bg7 0-1

[Event "O pohar mesta Klatov B - TANY open"]
[Site "Klatovy, Czech Republic"]
[Date "2025.07.04"]
[Round "7.60"]
[White "Trcka, Bohdan"]
[Black "Skalicky, Jindrich"]
[Result "1-0"]
[WhiteElo "1599"]
[BlackElo "1471"]
[PlyCount "83"]
[EventDate "2025.??.??"]

1. e4 c5 2. f4 d5 3. e5 a6 4. d3 b5 5. Be2 Bb7 6. Bf3 Qc7 7. a4 bxa4 8. Rxa4 d4
9. Bxb7 Qxb7 10. Qf3 Qxf3 11. Nxf3 e6 12. Na3 Kd7 13. Ng5 Nh6 14. Nc4 Kc6 15.
b3 Be7 16. Ne4 Nd7 17. h3 Bh4+ 18. g3 Be7 19. Ke2 f5 20. Ng5 Bxg5 21. fxg5 Nf7
22. Bf4 Kd5 23. Rha1 Nfxe5 24. Bxe5 Nxe5 25. Nb6+ Kc6 26. Nxa8 Rxa8 27. Rxa6+
Rxa6 28. Rxa6+ Kd7 29. Ra7+ Kc6 30. Rxg7 Kd5 31. Rxh7 c4 32. bxc4+ Kc6 33. h4
Kd6 34. h5 Ng4 35. g6 Nf6 36. Kf3 Nxh7 37. gxh7 Ke7 38. h8=Q Kd6 39. Qg7 Kc5
40. h6 Kb4 41. Qb7+ Kc3 42. Qb3+ 1-0